1512 1175 1248 1547 1191 1014 1466 1698 1147 1002 1257 1368 1864 1980 1676 1245 1788 1734 1110 1575 1641 1168 1657 1005 1002 1267 1799 1529 1516 1161 1125 1380 1826 1949 1394 1237 1112 1142 1272 1574 1155 1535 1475 1617 1573 1182 1183 1612 1676 1946 1084 1105 1589 1967 1396 1136 1381 1505 1737 1847 1900 1008 1592 1093 1181 1338 1222 1462 1692 1673 1970 1639 1481 1206 1265 1527 1081 1247 1156 1941 1380 1602 1723 1414 1493 1502 1897 1813 1284 1596 1070 1714 1659 1826 1302 1152 1044 1283 1819 BCNSPRNW ULIB Ver.6.0+V

เปลี่ยนเป็นภาษาไทย

Change to English
 แสดงรายละเอียดบรรณานุกรม
  กลับหน้าหลัก

Brief Record : Get Marc (ISO 2709) : E-mail record : QR code < ปิดหน้าต่าง
LEADER : 00000nam 2200000uu 4500
001    13399120726
003     ULIB
008    121005s2551||||th 000 0 tha d
020    ^a9789740550327
060 04 ^aWS260^bอ288ค 2551
245 00 ^aคู่มือโรคผิวหนังเด็ก /^cบรรณาธิการ, อมรศรี ชุณหรัศมิ์,วาณี วิสุทธิ์เสรีวงศ์, ศรีศุภลักษณ์ สิงคาลวณิช
250    ^aพิมพ์ครั้งที่ 2
260    ^aกรุงเทพฯ :^bบียอนด์ เอ็นเทอร์ไพรซ์,^c2551
300    ^avi, 265 หน้า :^bภาพประกอบสี ;^c21 ซม.
500    ^aจัดทำโดย : ชมรมแพทย์ผิวหนังเด็กแห่งประเทศไทย
650  7 ^aผิวหนัง, โรค^xในวัยทารกและวัยเด็ก^vคู่มือ
700 0  ^aวาณี วิสุทธิ์เสรีวงศ์,^eบรรณาธิการ
700 0  ^aอมรศรี ชุณหรัศมิ์,^eบรรณาธิการ
700 0  ^aศรีศุภลักษณ์ สิงคาลวณิช,^eบรรณาธิการ
710 2  ^aชมรมแพทย์ผิวหนังเด็กแห่งประเทศไทย
945    ^p500^l0^i15132
945    ^p500^l0^i16188
945    ^p500^l0^i25285
995    ^aวิภา
999 ^a ใช้งานได้ทุกระบบ
รายการนี้ยังไม่มีแท็ก
คุณยังไม่ได้ล็อกอิน คุณสามารถมีกิจกรรมร่วมกับเว็บไซต์ได้ แต่ต้องล็อกอินก่อน ::
  ล็อกอิน

รายการสื่อสารสนเทศ

ลำดับที่ ประเภท เลขเรียก/บาร์โค้ด สถานที่ สถานะ
1. วิทยาศาสตร์การแพทย์ และสุขภาพ
วิทยาศาสตร์การแพทย์ และสุขภาพ
สถานะ=หนังสือเก่า
WS260 อ288ค 2551 ฉ.3 
  Barcode: 25285
ห้องสมุดวิทยาเขตนครสวรรค์
►ส่วนจัดเก็บหนังสือเก่า นว.
บนชั้น
  ขอยืม

BibComment


ยังไม่เคยถูกคอมเมนท์

คอมเมนท์ทรัพยากรรายการนี้
  คอมเมนท์: คู่มือโรคผิวหนัง..


 Copyright 2026. Bcnsprnw @Library